00459nam a2200169Ia 4500008004100000041001200041082001100053100002000064245004900084365000700133520001300140546001200153630004900165650001300214655001300227730004900240101110s9999 xx 000 0 und d aMARATHI bSR7479 aKarandikar C.G. aBhartiya Vyaparvishayak Ani Audhyogik Kayade b15 aCommerce aMARATHI aBhartiya Vyaparvishayak Ani Audhyogik Kayade aCommerce aCommerce aBhartiya Vyaparvishayak Ani Audhyogik Kayade